Państwa Oceanii - Statystyki

Ogólne statystyki
  • Ten quiz został rozwiązany 28 razy
  • Średni wynik to 13 z 14
Odpowiedzi na mapie
Odpowiedzi zakodowano w zielono-czerwonej skali na mapie do tego quizu, zgodnie z poniższymi procentami.
 
Statystyki odpowiedzi
Kraj % Poprawnych
Australia
100%
Nowa Zelandia
100%
Papua-Nowa Gwinea
100%
Fidżi
94%
Kiribati
94%
Nauru
94%
Palau
94%
Samoa
94%
Vanuatu
94%
Mikronezja
88%
Tonga
88%
Wyspy Marshalla
88%
Wyspy Salomona
88%
Tuvalu
82%
Nie znaleziono quizów pasujących do podanych kryteriów
Rozkład punktacji
Procent ludzi z każdym wynikiem
Percentyl według liczby udzielonych odpowiedzi
Twoja historia wyników
Nie rozwiązałeś tego quizu